| 000 | 01121nam a22002537a 4500 | ||
|---|---|---|---|
| 005 | 20240305165410.0 | ||
| 007 | cr|||| |||| | ||
| 008 | 130402e2011 mx |||||s|||| 00||0 spa d | ||
| 020 | _a978-607-406-276-2 | ||
| 035 | _a10953 | ||
| 040 | _avLex | ||
| 090 |
_c4097 _d4097 |
||
| 100 | 1 | 0 | _aDíaz Castrejón, Benjamín |
| 245 | 1 | 0 |
_aEstudio Práctico del ISR, IETU e IVA de bienes inmuebles para personas físicas _c/ Benjamín Díaz Castrejón _h[Recurso electrónico] |
| 256 | _aServicio en línea | ||
| 260 |
_aMéxico D.F. : _bEdiciones Fiscales ISEF, _c2011 |
||
| 300 | _a1 Recurso electrónico | ||
| 506 |
_aContenido solo disponible en los productos indicados _dvLex Global _dvLex Global (Academic Edition, excluding Law Schools) _dvLex Global (U.S. Academic Edition, Law Schools) _dvLex Global (U.S. Academic Edition, excluding Law Schools) _dvLex Global (Academic Edition, Law Schools) |
||
| 650 | 0 | 4 |
_aDerecho tributario _zMéxico |
| 650 | 0 | 4 |
_aBienes inmuebles _zMéxico |
| 740 | _avLex Libros (Servicio en línea) | ||
| 856 |
_aAcceso restringido _uhttp://www.vlex.com/source/10953 |
||
| 942 | _cRAA | ||
| 999 |
_c162467 _d162467 |
||